Peter Bosz' Dortmund - Statistics

General Stats
  • This quiz has been taken 16 times
  • The average score is 21 of 29
Answer Stats
Rank Player Position Nationality Matches Goals Assists % Correct
21 Alexander Isak Centre-Forward 5 1 1
100%
4 Christian Pulisic Right Winger 20 3 1
100%
16 Marcel Schmelzer Left-Back 12 0 1
100%
9 Nuri Şahin Defensive Midfield 17 2 3
100%
3 Pierre-Emerick Aubameyang Centre-Forward 21 20 4
100%
8 Shinji Kagawa Attacking Midfield 18 3 4
100%
6 Andriy Yarmolenko Right Winger 18 5 5
91%
25 Jadon Sancho Left Winger 2 0 0
91%
17 Lukasz Piszczek Right-Back 11 0 1
91%
5 Marc Bartra Centre-Back 19 4 1
91%
11 Mario Götze Attacking Midfield 15 1 4
91%
12 Ömer Toprak Centre-Back 15 0 1
91%
19 Raphaël Guerreiro Left-Back 9 2 0
91%
1 Roman Bürki Goalkeeper 23 0 0
91%
2 Sokratis Papastathopoulos Centre-Back 22 2 0
91%
13 Dan-Axel Zagadou Centre-Back 15 1 0
82%
26 Ousmane Dembélé Right Winger 1 0 1
82%
7 Gonzalo Castro Central Midfield 18 1 3
73%
15 Julian Weigl Defensive Midfield 14 1 0
73%
24 Roman Weidenfeller Goalkeeper 2 0 0
64%
29 Jacob Bruun Larsen Left Winger 1 0 0
55%
20 André Schürrle Left Winger 7 0 2
45%
10 Maximilian Philipp Second Striker 17 6 5
45%
28 Sebastian Rode Central Midfield 1 0 0
45%
23 Felix Passlack Right-Back 3 0 0
36%
18 Jeremy Toljan Right-Back 10 0 1
27%
14 Mahmoud Dahoud Central Midfield 15 0 5
27%
22 Neven Subotic Centre-Back 4 0 0
27%
27 Niklas Beste Left Winger 1 0 1
9%
No matching quizzes found
Score Distribution
Percent of People with Each Score
Percentile by Number Answered
Your Score History
You have not taken this quiz